000 00883nam a2200265Ia 4500
003 OSt
005 20221005103300.0
006 a|||||r|||| 00| 0
007 ta
008 221004b |||||||| |||| 00| 0 hin d
020 _a9789351744092 (hbk)
_c630
024 _a21066
037 _b116, 21/03/2015, Mallika Books
_cTextual
040 _aCRL
_cCRL
_bhin
041 _2hin
_ahin
082 _aO152,3N722,DK, Q4
100 _aत्यागी, कविता
245 0 _aदहलीज के पार
246 _aDahalīj ke pāra
260 _aगाजियाबाद
_bविजय भारत
_c2014
300 _a380पृ0
_ccm.
650 _aहिन्दी साहित्य
942 _hO152,3N722,DK, Q4
_cTEXL
_2cc
999 _c1009793
_d1009793